Principle of Operations Research: With Application to Managerial Decision (Record no. 2002)

MARC details
000 -LEADER
fixed length control field 00398nam a22001457a 4500
008 - FIXED-LENGTH DATA ELEMENTS--GENERAL INFORMATION
fixed length control field 250220b |||||||| |||| 00| 0 eng d
020 ## - INTERNATIONAL STANDARD BOOK NUMBER
ISBN 0876921624
100 ## - MAIN ENTRY--AUTHOR
Author WAGNER, M. Harvey
245 ## - TITLE STATEMENT
Title Principle of Operations Research: With Application to Managerial Decision
250 ## - EDITION STATEMENT
Edition statement 2nd
260 ## - PUBLICATION, DISTRIBUTION, ETC. (IMPRINT)
Place of publication U.S.A
Name of publisher Prentice Hall Inc.
Date of publication 1989
300 ## - COLLATION
Pagination xii, Nil
942 ## - ADDED ENTRY ELEMENTS (KOHA)
Item type Books
050 ## - LIBRARY OF CONGRESS CALL NUMBER
Classification number HD20.5
Item number .W34
Holdings
Source of classification or shelving scheme Not for loan Permanent location Current location Date acquired Accession No. Full call number Barcode. Koha item type
Library of Congress Classification   Samuel Ogbemudia Main Library, University of Abuja Samuel Ogbemudia Main Library, University of Abuja 02/20/2025 91/005457 HD20.5.W34 2025-0140 Books